[Event "TUR-chT 2nd League"]
[Site "Konya"]
[Date "2022.08.26"]
[Round "7.10"]
[White "Bedir, Bekircan"]
[Black "Aluc, Bulut Evrim"]
[Result "0-1"]
[WhiteElo "1873"]
[BlackElo "1680"]
[PlyCount "72"]
[EventDate "2022.08.22"]
[EventType "team-swiss"]
[EventRounds "9"]
[EventCountry "TUR"]
[SourceTitle "CBM 210 Extra"]
[Source "ChessBase"]
[SourceDate "2022.11.30"]
[SourceVersion "1"]
[SourceVersionDate "2022.11.30"]
[SourceQuality "1"]
[WhiteTeam "Sakarya Satranc"]
[BlackTeam "Karaman Yunus Emre"]
[WhiteTeamCountry "TUR"]
[BlackTeamCountry "TUR"]

1. e4 e5 2. Nf3 Nc6 3. Bb5 a6 4. Ba4 Bc5 5. 0-0 b5 6. Bb3 Nf6 7. c3 0-0 8. d4 Bb6 9. Re1 d6 10. h3 h6 11. Be3 Bb7 12. d5 Na5 13. Bxb6 cxb6 14. Bc2 Rc8 15. a4 bxa4 16. Rxa4 b5 17. Ra2 Qb6 18. b3 Rc7 19. Re3 Bc8 20. Qd2 Bd7 21. Ne1 Rfc8 22. Nd3 Nb7 23. Bd1 a5 24. Kh2 Nc5 25. Nxc5 Rxc5 26. b4 axb4 27. cxb4 Rc4 28. f3 Qd4 29. Rd3 Qb6 30. Na3 R4c7 31. Rc2 Nh5 32. g3 f5 33. Kg2 Rxc2 34. Nxc2 Nxg3 35. Kxg3 Qg1+ 36. Qg2 f4+ 0-1

[Event "TUR-chT"]
[Site "Ankara"]
[Date "2018.07.26"]
[Round "2.4"]
[White "Aluc, Bulut Evrim"]
[Black "Aydin, Gulenay"]
[Result "1-0"]
[WhiteElo "1677"]
[BlackElo "1732"]
[PlyCount "85"]
[EventDate "2018.07.25"]
[EventType "team-tourn"]
[EventRounds "13"]
[EventCountry "TUR"]
[SourceTitle "CBM 185 Extra"]
[Source "ChessBase"]
[SourceDate "2018.07.29"]
[SourceVersion "1"]
[SourceVersionDate "2018.07.29"]
[SourceQuality "1"]
[WhiteTeam "Karaman Belediye"]
[BlackTeam "Tarsus Zeka"]
[WhiteTeamCountry "TUR"]
[BlackTeamCountry "TUR"]

1. d4 Nf6 2. c4 g6 3. Nc3 Bg7 4. e4 d6 5. f4 0-0 6. Nf3 c5 7. d5 e6 8. Be2 exd5 9. cxd5 Bg4 10. 0-0 Nbd7 11. h3 Bxf3 12. Bxf3 Re8 13. Re1 a6 14. a4 c4 15. Be3 Qa5 16. Kh1 Nc5 17. Bxc5 Qxc5 18. e5 dxe5 19. fxe5 Nd7 20. e6 Ne5 21. Ne4 Qb4 22. Ng5 f6 23. Rxe5 fxg5 24. Rxg5 Rad8 25. Qc2 Qxb2 26. Qxb2 Bxb2 27. Rb1 c3 28. Be4 b5 29. axb5 axb5 30. Bc2 Re7 31. Rd1 Rd6 32. Re5 b4 33. Re2 Ba3 34. Bb3 Bb2 35. Kg1 Kf8 36. Rf1+ Kg8 37. Ref2 Re8 38. Rf7 c2 39. Bxc2 Rxd5 40. e7 Bd4+ 41. Kh1 Rf5 42. R1xf5 gxf5 43. Bb3 1-0

[Event "TUR-chT"]
[Site "Kocaeli"]
[Date "2017.07.26"]
[Round "1.1"]
[White "Aluc, Bulut Evrim"]
[Black "Kargaci, Humeyra"]
[Result "1-0"]
[WhiteElo "1699"]
[BlackElo "1737"]
[PlyCount "71"]
[EventDate "2017.07.26"]
[EventType "team-tourn"]
[EventRounds "13"]
[EventCountry "TUR"]
[SourceTitle "CBM 179 Extra"]
[Source "ChessBase"]
[SourceDate "2017.08.23"]
[SourceVersion "1"]
[SourceVersionDate "2017.08.23"]
[SourceQuality "1"]
[WhiteTeam "Karaman Belediye"]
[BlackTeam "Varyant Yontem"]
[WhiteTeamCountry "TUN"]
[BlackTeamCountry "TUR"]

1. d4 Nf6 2. c4 g6 3. Nc3 d5 4. h4 Bg7 5. h5 Nxh5 6. cxd5 c6 7. e4 cxd5 8. e5 Bf8 9. g4 Ng7 10. Bg2 e6 11. Bh6 Nc6 12. Nf3 Bd7 13. Qd2 Qc7 14. Ng5 Na5 15. Qf4 f5 16. gxf5 Nh5 17. Rxh5 gxh5 18. fxe6 Bc6 19. Qf6 Bxh6 20. Qxh8+ Bf8 21. Nxh7 Qg7 22. Qxf8+ Qxf8 23. Nxf8 Kxf8 24. Bxd5 Rd8 25. Bxc6 Nxc6 26. d5 Nxe5 27. Ke2 Ke7 28. Rh1 Rh8 29. f4 Ng4 30. Ne4 Rf8 31. Rxh5 Rxf4 32. Rh7+ Kd8 33. e7+ Kd7 34. Nd6 Kxd6 35. e8Q Kxd5 36. Rd7+ 1-0

[Event "TUR-ch (Women)"]
[Site "Aksu"]
[Date "2017.03.10"]
[Round "9"]
[White "Aluc, Bulut Evrim"]
[Black "Korkmaz, Biyce"]
[Result "1-0"]
[WhiteElo "1726"]
[BlackElo "1462"]
[PlyCount "91"]
[EventDate "2017.03.06"]
[EventType "swiss"]
[EventRounds "9"]
[EventCountry "TUR"]
[SourceTitle "CBM 177 Extra"]
[Source "ChessBase"]
[SourceDate "2017.04.27"]
[SourceVersion "1"]
[SourceVersionDate "2017.04.27"]
[SourceQuality "1"]

1. d4 d5 2. c4 c6 3. Nc3 e6 4. e3 Nf6 5. Nf3 Nbd7 6. Bd3 dxc4 7. Bxc4 b5 8. Bd3 a6 9. 0-0 c5 10. Re1 Bb7 11. b3 Be7 12. Bb2 0-0 13. Qe2 Qb8 14. e4 cxd4 15. Nxd4 Bc5 16. Nf3 Ng4 17. Nd1 Nge5 18. Nxe5 Nxe5 19. Bc2 Ng6 20. Ne3 Qf4 21. Nf1 Rac8 22. Rac1 Rfd8 23. g3 Qg5 24. Red1 f5 25. Rxd8+ Rxd8 26. Qf3 Bd4 27. Rb1 Bb6 28. Bc1 Qe7 29. Be3 Bc5 30. a4 fxe4 31. Bxe4 Rf8 32. Qg2 Bxe4 33. Qxe4 Bxe3 34. Qxe3 Qf6 35. Re1 e5 36. Nd2 Qc6 37. axb5 Qxb5 38. Rc1 Qb7 39. Rc5 Rb8 40. Qc3 Rd8 41. Nf3 Rb8 42. Nxe5 Nxe5 43. Qxe5 Qxb3 44. Rc7 Qb2 45. Qe6+ Kh8 46. Rc8+ 1-0

[Event "TUR Cup"]
[Site "Antalya"]
[Date "2017.01.31"]
[Round "6"]
[White "Aluc, Bulut Evrim"]
[Black "Yilmaz, Volkan"]
[Result "1-0"]
[WhiteElo "1696"]
[BlackElo "1490"]
[PlyCount "51"]
[EventDate "2017.01.28"]
[EventType "swiss"]
[EventRounds "11"]
[EventCountry "TUR"]
[SourceTitle "CBM 176 Extra"]
[Source "ChessBase"]
[SourceDate "2017.03.02"]
[SourceVersion "1"]
[SourceVersionDate "2017.03.02"]
[SourceQuality "1"]

1. d4 g6 2. c4 Bg7 3. Nc3 c5 4. d5 d6 5. e4 Nf6 6. f4 Bg4 7. Nf3 0-0 8. Bd3 Ne8 9. h3 Bxf3 10. Qxf3 Nd7 11. 0-0 a6 12. a4 Nc7 13. Qg3 e6 14. f5 Bxc3 15. bxc3 e5 16. Bg5 f6 17. Bh6 g5 18. h4 Ne8 19. Bxf8 Nxf8 20. hxg5 fxg5 21. f6 Kf7 22. Qxg5 Nd7 23. Qh5+ Kf8 24. Qxh7 Ndxf6 25. g4 Qd7 26. Qxd7 1-0

[Event "TUR Cup"]
[Site "Antalya"]
[Date "2017.01.29"]
[Round "2"]
[White "Aluc, Bulut Evrim"]
[Black "Dalgar, Yilmaz"]
[Result "1-0"]
[WhiteElo "1696"]
[BlackElo "1329"]
[PlyCount "29"]
[EventDate "2017.01.28"]
[EventType "swiss"]
[EventRounds "11"]
[EventCountry "TUR"]
[SourceTitle "CBM 176 Extra"]
[Source "ChessBase"]
[SourceDate "2017.03.02"]
[SourceVersion "1"]
[SourceVersionDate "2017.03.02"]
[SourceQuality "1"]

1. d4 d5 2. c4 e6 3. Nc3 c6 4. e3 f5 5. cxd5 exd5 6. Nf3 Nf6 7. Bd3 Be6 8. Qc2 Ne4 9. Bd2 Bd6 10. Qb3 Qc7 11. Bxe4 fxe4 12. Nxe4 0-0 13. Nxd6 Rxf3 14. gxf3 Qxd6 15. Qxb7 1-0

[Event "TUR-chT2"]
[Site "Konya"]
[Date "2016.07.21"]
[Round "7.2"]
[White "Kargaci, Humeyra"]
[Black "Aluc, Bulut Evrim"]
[Result "1-0"]
[WhiteElo "1691"]
[BlackElo "1523"]
[PlyCount "61"]
[EventDate "2016.07.17"]
[EventType "team-swiss"]
[EventRounds "9"]
[EventCountry "TUR"]
[SourceTitle "CBM 173 Extra"]
[Source "ChessBase"]
[SourceDate "2016.08.29"]
[SourceVersion "1"]
[SourceVersionDate "2016.08.29"]
[SourceQuality "1"]
[WhiteTeam "Sivas Varyant"]
[BlackTeam "Karaman Belediye"]
[WhiteTeamCountry "TUR"]
[BlackTeamCountry "TUR"]

1. e4 c6 2. d4 d5 3. exd5 cxd5 4. Bd3 Nf6 5. Bf4 Qb6 6. b3 Nc6 7. c3 Bg4 8. Qc2 Rc8 9. Qb2 e6 10. Ne2 Bxe2 11. Bxe2 Ne4 12. Nd2 Nxc3 13. Qxc3 Bb4 14. Qb2 Nxd4 15. Rc1 0-0 16. Bd3 Qa5 17. Rd1 Rc3 18. Qb1 Rfc8 19. 0-0 h6 20. Be5 Qc5 21. Nf3 Nxf3+ 22. gxf3 d4 23. Bxd4 Qg5+ 24. Kh1 Qf4 25. Rg1 Qxf3+ 26. Rg2 R3c7 27. Bxg7 f5 28. Be5+ Kh7 29. Bxc7 Rxc7 30. Rdg1 Rg7 31. Bxf5+ 1-0

[Event "TUR-chT2"]
[Site "Konya"]
[Date "2016.07.19"]
[Round "5.1"]
[White "Okuyaz, Duru"]
[Black "Aluc, Bulut Evrim"]
[Result "1-0"]
[WhiteElo "1844"]
[BlackElo "1523"]
[PlyCount "75"]
[EventDate "2016.07.17"]
[EventType "team-swiss"]
[EventRounds "9"]
[EventCountry "TUR"]
[SourceTitle "CBM 173 Extra"]
[Source "ChessBase"]
[SourceDate "2016.08.29"]
[SourceVersion "1"]
[SourceVersionDate "2016.08.29"]
[SourceQuality "1"]
[WhiteTeam "Canakkale Gokceada"]
[BlackTeam "Karaman Belediye"]
[WhiteTeamCountry "TUR"]
[BlackTeamCountry "TUR"]

1. e4 c6 2. Nc3 d5 3. Nf3 Bg4 4. Be2 Nf6 5. e5 Nfd7 6. d4 e6 7. Ng5 Bxe2 8. Qxe2 h6 9. Qh5 g6 10. Qh3 Qe7 11. Bd2 Bg7 12. Nf3 a6 13. Ne2 c5 14. c3 Nc6 15. 0-0 g5 16. Ng3 0-0-0 17. Nh5 f5 18. exf6 Nxf6 19. Nxf6 Bxf6 20. Rae1 Rde8 21. dxc5 h5 22. Nd4 Bxd4 23. cxd4 Nxd4 24. Bc3 Qxc5 25. Qd3 e5 26. Rxe5 Rxe5 27. Bxd4 Qd6 28. Qc3+ Qc6 29. Bxe5 Re8 30. Qh3+ Qe6 31. Qxe6+ Rxe6 32. Bc3 Kd7 33. f4 gxf4 34. Rxf4 Kc6 35. Rh4 Rh6 36. Kf2 Kd6 37. g4 Ke6 38. Rxh5 1-0

[Event "TUR-ch (Women)"]
[Site "Cesme"]
[Date "2016.03.11"]
[Round "7"]
[White "Dai, Irmak"]
[Black "Aluc, Bulut Evrim"]
[Result "1-0"]
[WhiteElo "1818"]
[BlackElo "1524"]
[PlyCount "59"]
[EventDate "2016.03.07"]
[EventType "swiss"]
[EventRounds "9"]
[EventCountry "TUR"]
[SourceTitle "CBM 171 Extra"]
[Source "ChessBase"]
[SourceDate "2016.04.26"]
[SourceVersion "1"]
[SourceVersionDate "2016.04.26"]
[SourceQuality "1"]

1. e4 c6 2. d4 d5 3. exd5 cxd5 4. Bd3 Nc6 5. c3 e6 6. Nf3 Bd6 7. 0-0 Nge7 8. Re1 Qc7 9. h3 Bd7 10. Nbd2 f6 11. c4 Nb4 12. Bf1 b6 13. a3 Nbc6 14. b3 0-0 15. Bb2 e5 16. cxd5 Nxd5 17. dxe5 Nxe5 18. Nxe5 Bxe5 19. Bxe5 fxe5 20. Bc4 Be6 21. Nf3 Rad8 22. Rxe5 Rxf3 23. Rxe6 Rf5 24. Qg4 Rdf8 25. Re8 Qd7 26. Re5 Kh8 27. Bxd5 g6 28. Rxf5 Rxf5 29. Qd4+ Qg7 30. Rd1 1-0

[Event "TUR-ch (Women)"]
[Site "Cesme"]
[Date "2016.03.09"]
[Round "5"]
[White "Aluc, Bulut Evrim"]
[Black "Akat, Elifnaz"]
[Result "1-0"]
[WhiteElo "1524"]
[BlackElo "1345"]
[PlyCount "105"]
[EventDate "2016.03.07"]
[EventType "swiss"]
[EventRounds "9"]
[EventCountry "TUR"]
[SourceTitle "CBM 171 Extra"]
[Source "ChessBase"]
[SourceDate "2016.04.26"]
[SourceVersion "1"]
[SourceVersionDate "2016.04.26"]
[SourceQuality "1"]

1. d4 d5 2. c4 e6 3. Nc3 Nf6 4. Nf3 Nc6 5. Bg5 Be7 6. Rg1 h6 7. Bf4 a6 8. e3 Bd6 9. Ne5 dxc4 10. Bxc4 Bxe5 11. dxe5 Qxd1+ 12. Rxd1 Nd7 13. Ke2 Ndxe5 14. Bb3 Bd7 15. Ba4 0-0-0 16. Rd2 Nc4 17. Rc2 Nb4 18. Rcc1 Nxb2 19. Ne4 Bc6 20. Bxc6 Nxc6 21. Nc5 e5 22. Bg3 Rd6 23. Rc2 b6 24. Ne4 Re6 25. Rxb2 f5 26. Nc3 f4 27. Bh4 g5 28. Bxg5 hxg5 29. h3 Rg8 30. Nd5 g4 31. hxg4 Rxg4 32. Kf3 Rg7 33. exf4 e4+ 34. Ke3 Rd7 35. Rd1 Na5 36. Rb4 Rc6 37. Kxe4 Nb7 38. Rbd4 Nd6+ 39. Kf3 Kb7 40. g4 Nb5 41. R4d3 Rf7 42. f5 Nd6 43. f6 Nc4 44. Rd4 Ne5+ 45. Kg3 Ng6 46. f4 Nf8 47. g5 Ne6 48. Re4 Nc5 49. Re7 Rxe7 50. fxe7 Re6 51. f5 Re5 52. f6 Rxg5+ 53. Kh4 1-0

[Event "TUR-ch (Women)"]
[Site "Cesme"]
[Date "2016.03.09"]
[Round "4"]
[White "Onur, Cigdem"]
[Black "Aluc, Bulut Evrim"]
[Result "1-0"]
[WhiteElo "1831"]
[BlackElo "1524"]
[PlyCount "67"]
[EventDate "2016.03.07"]
[EventType "swiss"]
[EventRounds "9"]
[EventCountry "TUR"]
[SourceTitle "CBM 171 Extra"]
[Source "ChessBase"]
[SourceDate "2016.04.26"]
[SourceVersion "1"]
[SourceVersionDate "2016.04.26"]
[SourceQuality "1"]

1. e4 c6 2. d4 d5 3. Nc3 dxe4 4. Nxe4 Bf5 5. Ng3 Bg6 6. h4 h6 7. Nf3 Nd7 8. h5 Bh7 9. Bd3 Bxd3 10. Qxd3 Ngf6 11. Bd2 e6 12. 0-0-0 b5 13. Kb1 Be7 14. Ne4 Nd5 15. g4 Qb6 16. g5 a5 17. Ng3 b4 18. g6 f6 19. Rhe1 c5 20. Qe4 Ra6 21. Nf5 Kf8 22. Ka1 Qc6 23. Nxh6 f5 24. Nxf5 exf5 25. Qxf5+ N7f6 26. h6 c4 27. Ne5 Qe6 28. Qxe6 Rxe6 29. Nf7 Rxe1 30. Rxe1 Rg8 31. h7 Nxh7 32. gxh7 Kxf7 33. hxg8Q+ Kxg8 34. Re5 1-0

[Event "TUR-ch (Women)"]
[Site "Cesme"]
[Date "2016.03.08"]
[Round "3"]
[White "Aluc, Bulut Evrim"]
[Black "Ozbay, Ece"]
[Result "0-1"]
[WhiteElo "1524"]
[BlackElo "1866"]
[PlyCount "72"]
[EventDate "2016.03.07"]
[EventType "swiss"]
[EventRounds "9"]
[EventCountry "TUR"]
[SourceTitle "CBM 171 Extra"]
[Source "ChessBase"]
[SourceDate "2016.04.26"]
[SourceVersion "1"]
[SourceVersionDate "2016.04.26"]
[SourceQuality "1"]

1. d4 d5 2. c4 c6 3. Nc3 Nf6 4. Nf3 dxc4 5. e4 b5 6. Ne5 e6 7. a4 b4 8. Na2 Nxe4 9. Qf3 Nf6 10. Nxc6 Nxc6 11. Qxc6+ Bd7 12. Qxc4 Bxa4 13. Bd2 Rc8 14. Qa6 Bd7 15. Qxa7 Ra8 16. Qb7 Rb8 17. Qf3 Qb6 18. Qe3 Nd5 19. Qe4 f5 20. Qe5 Be7 21. Qxg7 Bf6 22. Qg3 Ra8 23. Bc4 Qxd4 24. Bxd5 Qxd5 25. Bxb4 Rxa2 26. Rxa2 Qxa2 27. 0-0 Qxb2 28. Qb8+ Kf7 29. Qd6 Qd4 30. Qxd4 Bxd4 31. Rd1 e5 32. Bd6 Ke6 33. Ba3 Rc8 34. Kf1 Rc2 35. Ke1 Bxf2+ 36. Kf1 Bb5+ 0-1

[Event "Manavgat Turkey Cup"]
[Site "Manavgat"]
[Date "2015.01.31"]
[Round "1"]
[White "Aluc, Bulut Evrim"]
[Black "Tasdogen, Dincer"]
[Result "0-1"]
[WhiteElo "1559"]
[BlackElo "1936"]
[PlyCount "88"]
[EventDate "2015.01.31"]
[EventType "swiss"]
[EventRounds "11"]
[EventCountry "TUR"]
[SourceTitle "CBM 164 Extra"]
[Source "ChessBase"]
[SourceDate "2015.03.02"]
[SourceVersion "1"]
[SourceVersionDate "2015.03.02"]
[SourceQuality "1"]

1. d4 Nf6 2. c4 e5 3. dxe5 Ng4 4. Nf3 Bc5 5. e3 Nc6 6. Nc3 0-0 7. h3 Ngxe5 8. a3 a5 9. Ne4 Be7 10. b3 Nxf3+ 11. Qxf3 f5 12. Ng3 Bf6 13. Ra2 d6 14. Bd3 g6 15. 0-0 Be6 16. Bb2 a4 17. b4 Ne5 18. Bxe5 dxe5 19. e4 f4 20. Ne2 Qd7 21. Rd1 Kh8 22. Nc3 g5 23. Be2 Qg7 24. Rad2 Rg8 25. Nd5 Raf8 26. Qh5 Bd8 27. Nc3 Bf7 28. Qf3 h5 29. Rd7 Qg6 30. Qd3 Bf6 31. Rxc7 g4 32. hxg4 hxg4 33. Nd5 g3 34. fxg3 fxg3 35. Bf3 Bd8 36. Rxb7 Qh6 37. Ne7 Bxe7 38. Rxe7 Qh2+ 39. Kf1 Bxc4 40. Qxc4 Rxf3+ 41. Ke1 Qg1+ 42. Kd2 Rd8+ 43. Qd5 Rxd5+ 44. exd5 Qxg2+ 0-1

[Event "TUR-chT2"]
[Site "Konya"]
[Date "2014.06.27"]
[Round "7.8"]
[White "Dai, Irmak"]
[Black "Aluc, Bulut Evrim"]
[Result "1-0"]
[WhiteElo "1558"]
[BlackElo "1361"]
[PlyCount "85"]
[EventDate "2014.06.23"]
[EventType "team-swiss"]
[EventRounds "9"]
[EventCountry "TUR"]
[SourceTitle "CBM 161 Extra"]
[Source "ChessBase"]
[SourceDate "2014.08.29"]
[SourceVersion "1"]
[SourceVersionDate "2014.08.29"]
[SourceQuality "1"]
[WhiteTeam "Sader"]
[BlackTeam "Karaman Belediye"]
[WhiteTeamCountry "TUR"]
[BlackTeamCountry "TUR"]

1. e4 d5 2. exd5 Qxd5 3. Nc3 Qa5 4. d4 Nf6 5. Nf3 Nc6 6. h3 Bf5 7. Bb5 Nd5 8. Bxc6+ bxc6 9. Bd2 Nxc3 10. Bxc3 Qd5 11. 0-0 Be4 12. Ne1 e6 13. f3 Bg6 14. Nd3 Bd6 15. Qd2 0-0 16. Nf4 Qf5 17. Nxg6 Qxg6 18. f4 Rfd8 19. Qf2 Rab8 20. a4 Bb4 21. Bxb4 Rxb4 22. c3 Rb6 23. b4 Qd3 24. Rac1 Rd5 25. Rfd1 Qe4 26. a5 Rb8 27. Re1 Qd3 28. Re3 Qc4 29. Rce1 a6 30. Qf3 Rbd8 31. f5 R5d6 32. fxe6 Rxe6 33. Rxe6 fxe6 34. Qe4 Re8 35. Re3 Qd5 36. Qf4 Qd6 37. Qg4 Re7 38. Qe2 h6 39. Qxa6 Qf4 40. Qe2 Qf5 41. a6 Re8 42. Re5 Qg6 43. a7 1-0